000 00495pab a2200181 454500
008 180718b2011 xxu||||| |||| 00| 0 eng d
100 _aBhosale, Sunil B.
245 _aThe need for effective management of public distribution system in India
260 _c2011
300 _ap.15-20.
362 _aJul-Sep
650 _aPublic distribution system - India
650 _aPublic distribution system
700 _aKamble, Pralhad N.
773 _aAshwattha
908 _aN
909 _a98297
999 _c98296
_d98296